[Event "Werder IM-Turnier 2018"]
[Site "Bremen"]
[Date "2018.06.19"]
[Round "4"]
[White "Charmeteau, Sven"]
[Black "Skliarov, Viktor"]
[Result "1/2-1/2"]
[WhiteElo "2287"]
[BlackElo "2359"]
[Annotator "ChessBase"]
[PlyCount "82"]
[EventDate "2018.06.16"]
[EventType "tourn"]
[EventCountry "GER"]
[SourceTitle "playchess.com"]
[Source "ChessBase"]
[SourceQuality "1"]
[TimeControl "40/5400+30:1800+30"]

1. e4 {[%emt 0:00:00]} c5 {[%emt 0:00:08]} 2. Nf3 {[%emt 0:00:00]} Nc6 {[%emt 0:00:08]} 3. d4 {[%emt 0:00:00]} cxd4 {[%emt 0:00:06]} 4. Nxd4 {[%emt 0:00:00]} Nf6 {[%emt 0:00:04]} 5. Nc3 {[%emt 0:00:04]} e5 {[%emt 0:00:06]} 6. Ndb5 {[%emt 0:00:10]} d6 {[%emt 0:00:04]} 7. Bg5 {[%emt 0:00:07]} a6 {[%emt 0:00:05]} 8. Na3 {[%emt 0:00:07]} b5 {[%emt 0:00:03]} 9. Bxf6 {[%emt 0:00:11]} gxf6 {[%emt 0:00:05]} 10. Nd5 {[%emt 0:00:11]} f5 {[%emt 0:00:05]} 11. Bd3 {[%emt 0:00:12]} Be6 {[%emt 0:00:05]} 12. c3 {[%emt 0:00:11]} Bg7 {[%emt 0:00:13]} 13. Nxb5 {[%emt 0:00:24]} axb5 {[%emt 0:00:42]} 14. Bxb5 {[%emt 0:00:06]} Bd7 {[%emt 0:00:04]} 15. exf5 {[%emt 0:00:14]} e4 {[%emt 0:03:52]} 16. Qg4 {[%emt 0:06:16]} Kf8 {[%emt 0:01:37]} 17. Qh5 {[%emt 0:02:39]} Ne5 {[%emt 0:06:25]} 18. Bxd7 {[%emt 0:01:41]} Nxd7 {[%emt 0:02:41]} 19. O-O {[%emt 0:00:28]} Nf6 {[%emt 0:03:45]} 20. Nxf6 {[%emt 0:01:07]} Qxf6 {[%emt 0:00:52]} 21. Rfe1 {[%emt 0:13:48]} d5 {[%emt 0:02:33]} 22. Rad1 {[%emt 0:01:42]} Rd8 {[%emt 0:10:04]} 23. f3 {[%emt 0:18:14]} e3 {[%emt 0:04:55]} 24. Rd4 {[%emt 0:24:27]} Qh6 {[%emt 0:11:18]} 25. Qxh6 {[%emt 0:00:23]} Bxh6 {[%emt 0:00:05]} 26. f4 {[%emt 0:01:09]} Bg7 {[%emt 0:00:05]} 27. Rd3 {[%emt 0:01:16]} d4 {[%emt 0:02:20]} 28. Rexe3 {[%emt 0:03:54]} Bf6 {[%emt 0:02:21]} 29. cxd4 {[%emt 0:10:21]} Rxd4 {[%emt 0:00:20]} 30. Rf3 {[%emt 0:02:08]} Ke7 {[%emt 0:05:38]} 31. Rde3+ {[%emt 0:03:35]} Kd6 {[%emt 0:03:30]} 32. Re2 {[%emt 0:00:12]} Rd1+ {[%emt 0:07:39]} 33. Kf2 {[%emt 0:00:07]} Bd4+ {[%emt 0:00:05]} 34. Kg3 {[%emt 0:00:06]} Rb8 {[%emt 0:00:49]} 35. b3 {[%emt 0:00:53]} Bf6 {[%emt 0:03:07]} 36. Kh3 {[%emt 0:02:03]} h5 {[%emt 0:02:33]} 37. Re4 {[%emt 0:04:42]} Rb5 {[%emt 0:06:18]} 38. Ra4 {[%emt 0:00:54]} Bd4 {[%emt 0:03:34]} 39. Ra6+ {[%emt 0:02:44]} Kd5 {[%emt 0:15:23]} 40. a4 {[%emt 0:02:23]} Rb4 {[%emt 0:33:35]} 41. Rh6 {[%emt 0:30:44]} Rb1 {[%emt 0:00:00]} 1/2-1/2

[Event "Werder IM-Turnier 2018"]
[Site "Bremen"]
[Date "2018.06.19"]
[Round "4"]
[White "Kardoeus, David"]
[Black "Wachinger, Nikolas"]
[Result "1/2-1/2"]
[WhiteElo "2226"]
[BlackElo "2292"]
[Annotator "ChessBase"]
[PlyCount "103"]
[EventDate "2018.06.16"]
[EventType "tourn"]
[EventCountry "GER"]
[SourceTitle "playchess.com"]
[Source "ChessBase"]
[SourceQuality "1"]
[TimeControl "40/5400+30:1800+30"]

1. e4 {[%emt 0:00:57]} c5 {[%emt 0:00:08]} 2. Nf3 {[%emt 0:00:19]} a6 {[%emt 0:00:11]} 3. c4 {[%emt 0:01:13]} b6 {[%emt 0:00:14]} 4. Bd3 {[%emt 0:01:09]} Bb7 {[%emt 0:03:18]} 5. Qe2 {[%emt 0:02:46]} g6 {[%emt 0:02:53]} 6. h4 {[%emt 0:02:48]} h6 {[%emt 0:07:20]} 7. Nc3 {[%emt 0:07:57]} Bg7 {[%emt 0:06:12]} 8. e5 {[%emt 0:13:46]} Nc6 {[%emt 0:01:49]} 9. h5 {[%emt 0:09:28]} g5 {[%emt 0:01:08]} 10. Ne4 {[%emt 0:02:25]} Qb8 {[%emt 0:03:34]} 11. b4 {[%emt 0:08:15]} g4 {[%emt 0:08:38]} 12. Nh4 {[%emt 0:05:47]} Qxe5 {[%emt 0:00:39]} 13. Rb1 {[%emt 0:00:58]} Nd4 {[%emt 0:04:54]} 14. Qxg4 {[%emt 0:00:59]} f5 {[%emt 0:13:21]} 15. Qg6+ {[%emt 0:00:11]} Kd8 {[%emt 0:11:00]} 16. Qxb6+ {[%emt 0:00:21]} Qc7 {[%emt 0:00:01]} 17. Qxc7+ {[%emt 0:00:25]} Kxc7 {[%emt 0:00:01]} 18. Nxc5 {[%emt 0:00:16]} Bc6 {[%emt 0:00:21]} 19. Nxf5 {[%emt 0:00:44]} Bxg2 {[%emt 0:00:47]} 20. Nxg7 {[%emt 0:03:43]} Bxh1 {[%emt 0:01:07]} 21. Bb2 {[%emt 0:00:11]} e5 {[%emt 0:02:41]} 22. Nf5 {[%emt 0:09:59]} Nf6 {[%emt 0:03:36]} 23. Nxd4 {[%emt 0:00:58]} exd4 {[%emt 0:00:07]} 24. Bg6 {[%emt 0:02:09]} Bf3 {[%emt 0:04:40]} 25. Bxd4 {[%emt 0:00:23]} Rhf8 {[%emt 0:00:15]} 26. Be5+ {[%emt 0:00:56]} Kc6 {[%emt 0:01:02]} 27. d4 {[%emt 0:00:12]} d6 {[%emt 0:09:57]} 28. d5+ {[%emt 0:01:09]} Nxd5 {[%emt 0:00:17]} 29. cxd5+ {[%emt 0:00:12]} Kxd5 {[%emt 0:00:25]} 30. Nd7 {[%emt 0:06:03]} dxe5 {[%emt 0:00:09]} 31. Nxf8 {[%emt 0:00:15]} Rxf8 {[%emt 0:00:02]} 32. b5 {[%emt 0:01:04]} axb5 {[%emt 0:01:58]} 33. Rxb5+ {[%emt 0:00:32]} Kd4 {[%emt 0:01:28]} 34. Rb4+ {[%emt 0:02:58]} Kc5 {[%emt 0:00:25]} 35. Rb3 {[%emt 0:01:20]} Bd5 {[%emt 0:02:12]} 36. Ra3 {[%emt 0:06:48]} Rb8 {[%emt 0:02:15]} 37. Ra5+ {[%emt 0:00:35]} Kd4 {[%emt 0:02:13]} 38. Ra4+ {[%emt 0:00:06]} Kc3 {[%emt 0:00:50]} 39. Ke2 {[%emt 0:01:07]} Bc4+ {[%emt 0:03:13]} 40. Kf3 {[%emt 0:01:39]} Rb2 {[%emt 0:31:26]} 41. Kg3 {[%emt 0:32:09]} Bd5 {[%emt 0:00:00]} 42. Ra7 {[%emt 0:00:00]} Rxa2 {[%emt 0:00:00]} 43. Rh7 {[%emt 0:00:00]} Ra1 {[%emt 0:00:00]} 44. f3 {[%emt 0:00:00]} Rf1 {[%emt 0:00:00]} 45. Be4 {[%emt 0:00:00]} Bxe4 {[%emt 0:00:00]} 46. fxe4 {[%emt 0:00:00]} Kd4 {[%emt 0:00:00]} 47. Rxh6 {[%emt 0:00:00]} Kxe4 {[%emt 0:00:00]} 48. Rh8 {[%emt 0:00:00]} Rh1 {[%emt 0:00:00]} 49. Kg2 {[%emt 0:00:00]} Rh4 {[%emt 0:00:00]} 50. Kg3 {[%emt 0:00:00]} Rh1 {[%emt 0:00:00]} 51. Kg2 {[%emt 0:00:00]} Rh4 {[%emt 0:00:00]} 52. Kg3 {[%emt 0:00:00]} 1/2-1/2

[Event "Werder IM-Turnier 2018"]
[Site "Bremen"]
[Date "2018.06.20"]
[Round "5"]
[White "Ahlander, Bjorn"]
[Black "Charmeteau, Sven"]
[Result "1-0"]
[WhiteElo "2435"]
[BlackElo "2287"]
[Annotator "TA"]
[PlyCount "63"]
[EventDate "2018.06.16"]
[EventType "tourn"]
[EventCountry "GER"]
[SourceTitle "playchess.com"]
[Source "ChessBase"]
[SourceQuality "1"]

{[%evp 9,63,21,19,0,14,14,15,12,28,28,30,32,31,40,46,36,32,25,66,45,62,-2,30,9,36,4,54,39,73,67,125,74,139,99,133,133,192,176,272,62,69,-4,84,82,79,89,303,287,243,142,582,578,572,563,625,505]} 1. d4 Nf6 2. Nf3 g6 3. e3 Bg7 4. Be2 b6 5. O-O O-O {LiveBook: 10 Partien} 6. a4 $146 {A48: Königsindisch (ohne c2-c4)} ({Vorgänger:} 6. b4 Bb7 7. Bb2 d6 8. c4 Nbd7 9. a4 a6 10. Nc3 Ne4 11. Nxe4 Bxe4 12. Qb3 e6 13. Rfd1 {0-1 (42) Sargissian,G (2672)-Le Roux,J (2560) London 2017}) 6... a6 7. b4 c5 8. c3 {Die Stellung ist ausgeglichen.} Bb7 9. bxc5 bxc5 10. Ba3 cxd4 11. cxd4 d6 12. Nbd2 Nbd7 13. Bd3 Re8 14. Rb1 Rb8 15. Bc4 (15. e4 $14) 15... Qa5 16. Bb4 $36 {[%mdl 2048] Weiss steht aktiver.} Qf5 17. Qe2 a5 {zielt auf ...Lxf3 ab.} (17... Nb6 $5 {[%cal Rb6c4]}) 18. Ba3 Bc6 19. Rbc1 Ba8 (19... Bxf3 $14 20. Qxf3 Qxf3 21. gxf3 Rf8) 20. h3 (20. Bb5 $142) 20... Qh5 ({Lieber} 20... Nf8) 21. Bb5 $16 Rec8 22. e4 {Droht e5 und aus.} Nb6 (22... Bh6 $16 {war einen Versuch wert.}) 23. d5 {[%cal Bd4d5,Bd5c6][%mdl 32]} Nfd7 (23... Bb7 {war angesagt.} 24. Nb3 Bh6) 24. Nb3 $2 (24. Rxc8+ $18 Rxc8 25. Bxd7 Nxd7 26. Qa6) 24... f5 $1 $14 25. Bc6 (25. Bxd7 $14 Nxd7 26. Rxc8+ (26. Nxa5 Ne5 $15) 26... Rxc8 27. Qb5 (27. Nxa5 Ne5 $15)) 25... Bxc6 (25... Ne5 $11 {hält das Gleichgewicht.} 26. Nbd4 fxe4 27. Qxe4 Nbc4 28. Bxa8 Rxa8) 26. dxc6 $16 Ne5 {[#] Und ...Sxf3+ würde nun gewinnen.} 27. Nbd4 $1 {Droht stark c7.} ({Ein No Go ist} 27. Nxa5 Nxf3+ 28. Qxf3 Qxf3 $15) 27... Nxa4 $2 (27... fxe4 $16 28. Qxe4 d5) 28. exf5 gxf5 {[#]} 29. Bxd6 $1 {[%mdl 512]} Rb2 $2 {[%mdl 8192]} (29... exd6 $16 30. Qa2+ Kh8 31. Qxa4 Rg8) 30. Qa6 $18 {Weiß steht klar auf Gewinn.} Nxf3+ 31. Nxf3 Qe8 32. Ba3 {Precision: Weiß = 51%, Schwarz = 21%.} 1-0

[Event "Werder IM-Turnier 2018"]
[Site "Bremen"]
[Date "2018.06.20"]
[Round "5"]
[White "Grabarczyk, Miroslaw"]
[Black "Molchanov, Oleksii"]
[Result "1/2-1/2"]
[WhiteElo "2402"]
[BlackElo "2350"]
[Annotator "NA"]
[PlyCount "70"]
[EventDate "2018.06.16"]
[EventType "tourn"]
[EventCountry "GER"]
[SourceTitle "playchess.com"]
[Source "ChessBase"]
[SourceQuality "1"]
[TimeControl "40/5400+30:1800+30"]

1. d4 {[%emt 0:00:00]} Nf6 {[%emt 0:00:25]} 2. c4 {[%emt 0:00:00]} e6 {[%emt 0:00:08]} 3. g3 {[%emt 0:00:17]} d5 {[%emt 0:00:30]} 4. Nf3 {[%emt 0:00:29]} Bb4+ {[%emt 0:00:20]} 5. Bd2 {[%emt 0:00:32]} Bd6 {[%emt 0:00:11]} 6. Bg2 {[%emt 0:01:35]} c6 {[%emt 0:00:08]} 7. Qc2 {[%emt 0:05:17]} O-O {[%emt 0:01:00]} 8. O-O {[%emt 0:00:50]} Nbd7 {[%emt 0:01:47]} 9. Bg5 {[%emt 0:03:32]} h6 {[%emt 0:01:49]} 10. Bxf6 {[%emt 0:01:18]} Nxf6 {[%emt 0:00:08]} 11. Nbd2 {[%emt 0:00:11]} b6 {[%emt 0:01:23]} 12. e4 {[%emt 0:00:47]} Be7 {[%emt 0:00:35]} 13. e5 {[%emt 0:04:21]} Nd7 {[%emt 0:00:09]} 14. cxd5 {[%emt 0:00:53]} cxd5 {[%emt 0:00:19]} 15. Rac1 {[%emt 0:01:33]} Ba6 {[%emt 0:07:05]} 16. Rfe1 {[%emt 0:00:39]} Rc8 {[%emt 0:01:35]} 17. Qa4 {[%emt 0:21:24]} Nb8 {[%emt 0:00:24]} 18. Bf1 {[%emt 0:01:34]} Bxf1 {[%emt 0:01:19]} 19. Kxf1 {[%emt 0:00:11]} Qd7 {[%emt 0:09:58]} 20. Qxd7 {[%emt 0:02:11]} Nxd7 {[%emt 0:00:07]} 21. Ke2 {[%emt 0:00:13]} f6 {[%emt 0:06:36]} 22. Nb3 {[%emt 0:00:24]} Kf7 {[%emt 0:00:45]} 23. exf6 {[%emt 0:04:21]} gxf6 {[%emt 0:01:30]} 24. Rxc8 {[%emt 0:00:58]} Rxc8 {[%emt 0:00:07]} 25. Rc1 {[%emt 0:00:05]} Rxc1 {[%emt 0:03:30]} 26. Nxc1 {[%emt 0:00:07]} h5 {[%emt 0:03:27]} 27. h3 {[%emt 0:01:44]} e5 {[%emt 0:03:16]} 28. Nh4 {[%emt 0:00:13]} Nb8 {[%emt 0:03:37]} 29. Nf5 {[%emt 0:13:24]} Bf8 {[%emt 0:01:00]} 30. Nd3 {[%emt 0:01:37]} Nc6 {[%emt 0:00:32]} 31. Kf1 {[%emt 0:05:40]} a5 {[%emt 0:05:46]} 32. a4 {[%emt 0:02:52]} Ke6 {[%emt 0:01:09]} 33. g4 {[%emt 0:00:18]} hxg4 {[%emt 0:01:11]} 34. hxg4 {[%emt 0:00:08]} Na7 {[%emt 0:04:45]} 35. Ke1 {[%emt 0:08:41]} b5 {[%emt 0:05:49]} 1/2-1/2

[Event "Werder IM-Turnier 2018"]
[Site "Bremen"]
[Date "2018.06.20"]
[Round "5"]
[White "Reuker, Jari"]
[Black "Kardoeus, David"]
[Result "1/2-1/2"]
[WhiteElo "2389"]
[BlackElo "2226"]
[Annotator "RC"]
[PlyCount "112"]
[EventDate "2018.06.16"]
[EventType "tourn"]
[EventCountry "GER"]
[SourceTitle "playchess.com"]
[Source "ChessBase"]
[SourceQuality "1"]
[TimeControl "40/5400+30:1800+30"]

1. d4 {[%emt 0:00:00]} Nf6 {[%emt 0:00:08]} 2. c4 {[%emt 0:00:00]} g6 {[%emt 0:00:08]} 3. Nc3 {[%emt 0:00:00]} Bg7 {[%emt 0:00:06]} 4. e4 {[%emt 0:00:00]} d6 {[%emt 0:00:05]} 5. h3 {[%emt 0:00:01]} O-O {[%emt 0:01:09]} 6. Be3 {[%emt 0:00:07]} e5 {[%emt 0:00:22]} 7. d5 {[%emt 0:00:14]} Nh5 {[%emt 0:01:50]} 8. Be2 {[%emt 0:00:27]} Nf4 {[%emt 0:01:14]} 9. Bf3 {[%emt 0:00:06]} g5 {[%emt 0:12:20]} 10. g3 {[%emt 0:01:19]} Ng6 {[%emt 0:00:12]} 11. Qd2 {[%emt 0:00:32]} h6 {[%emt 0:04:02]} 12. h4 {[%emt 0:15:10]} g4 {[%emt 0:11:41]} 13. Be2 {[%emt 0:06:02]} h5 {[%emt 0:06:11]} 14. f3 {[%emt 0:01:02]} f5 {[%emt 0:00:40]} 15. exf5 {[%emt 0:01:02]} Bxf5 {[%emt 0:00:07]} 16. fxg4 {[%emt 0:00:11]} hxg4 {[%emt 0:02:09]} 17. h5 {[%emt 0:00:20]} Ne7 {[%emt 0:00:42]} 18. h6 {[%emt 0:08:33]} Bf6 {[%emt 0:00:37]} 19. h7+ {[%emt 0:00:40]} Kh8 {[%emt 0:01:50]} 20. Bd3 {[%emt 0:02:09]} c6 {[%emt 0:05:03]} 21. O-O-O {[%emt 0:09:08]} cxd5 {[%emt 0:03:07]} 22. cxd5 {[%emt 0:02:27]} Qa5 {[%emt 0:07:55]} 23. Rf1 {[%emt 0:12:35]} Bxd3 {[%emt 0:01:06]} 24. Qxd3 {[%emt 0:00:27]} Na6 {[%emt 0:01:37]} 25. a3 {[%emt 0:09:28]} Rac8 {[%emt 0:05:16]} 26. Kb1 {[%emt 0:01:07]} Nc7 {[%emt 0:02:52]} 27. Bh6 {[%emt 0:03:37]} Bg7 {[%emt 0:13:41]} 28. Bxg7+ {[%emt 0:02:09]} Kxg7 {[%emt 0:00:03]} 29. Rxf8 {[%emt 0:03:38]} Rxf8 {[%emt 0:00:16]} 30. Qc4 {[%emt 0:01:24]} Kh8 {[%emt 0:02:41]} 31. Nge2 {[%emt 0:00:32]} Ncxd5 {[%emt 0:00:47]} 32. Qxg4 {[%emt 0:00:28]} Qa6 {[%emt 0:11:27]} 33. Qe6 {[%emt 0:07:56]} Qd3+ {[%emt 0:00:47]} 34. Ka1 {[%emt 0:03:42]} Nxc3 {[%emt 0:02:21]} 35. Nxc3 {[%emt 0:00:36]} Qf3 {[%emt 0:00:09]} 36. Rh6 {[%emt 0:06:30]} Nc8 {[%emt 0:00:45]} 37. Rg6 {[%emt 0:00:55]} Qf1+ {[%emt 0:00:16]} 38. Ka2 {[%emt 0:01:35]} Ne7 {[%emt 0:02:03]} 39. Qxe7 {[%emt 0:02:33]} Qc4+ {[%emt 0:00:13]} 40. Ka1 {[%emt 0:00:39]} Rf1+ {[%emt 0:30:06]} 41. Nb1 {[%emt 0:30:03]} Rxb1+ {[%emt 0:00:22]} 42. Kxb1 {[%emt 0:00:02]} Qd3+ {[%emt 0:02:15]} 43. Kc1 {[%emt 0:00:00]} Qxg6 {[%emt 0:00:00]} 44. Qxb7 {[%emt 0:00:00]} Qg5+ {[%emt 0:00:00]} 45. Kc2 {[%emt 0:00:00]} Qg6+ {[%emt 0:00:00]} 46. Kd2 {[%emt 0:00:00]} Qxg3 {[%emt 0:00:00]} 47. Qxa7 {[%emt 0:00:00]} Qg2+ {[%emt 0:00:00]} 48. Kc3 {[%emt 0:00:00]} Qc6+ {[%emt 0:00:00]} 49. Kd3 {[%emt 0:00:00]} Qf3+ {[%emt 0:00:00]} 50. Qe3 {[%emt 0:00:00]} Qf7 {[%emt 0:00:00]} 51. Ke4 {[%emt 0:00:00]} Qb7+ {[%emt 0:00:00]} 52. Kf5 {[%emt 0:00:00]} Qf7+ {[%emt 0:00:00]} 53. Kg4 {[%emt 0:00:00]} Qe6+ {[%emt 0:00:00]} 54. Kh4 {[%emt 0:00:00]} Kxh7 {[%emt 0:00:00]} 55. Qe4+ {[%emt 0:00:00]} Kg7 {[%emt 0:01:59]} 56. Qg4+ {[%emt 0:00:00]} Qxg4+ {[%emt 0:01:07]} 1/2-1/2

[Event "Werder IM-Turnier 2018"]
[Site "Bremen"]
[Date "2018.06.20"]
[Round "5"]
[White "Skliarov, Viktor"]
[Black "Osmanodja, Filiz"]
[Result "1/2-1/2"]
[WhiteElo "2359"]
[BlackElo "2352"]
[Annotator "TA"]
[PlyCount "83"]
[EventDate "2018.06.16"]
[EventType "tourn"]
[EventCountry "GER"]
[SourceTitle "playchess.com"]
[Source "ChessBase"]
[SourceQuality "1"]

{[%evp 28,83,-15,-8,-8,-47,-15,-40,0,-60,-75,-58,-43,-61,-37,-71,-85,-149,-62,-199,-145,-160,-83,-104,0,0,-20,-91,-83,-423,-411,-441,-150,-145,-107,-134,-127,-94,0,-205,-297,-296,-264,-285,0,0,0,-256,-217,-245,-197,-282,-271,-279,-282,-260,-262,-212]} 1. e4 c5 2. Nf3 d6 3. d4 cxd4 4. Qxd4 Nc6 5. Bb5 Bd7 6. Bxc6 Bxc6 7. Nc3 Nf6 8. Bg5 e6 9. O-O-O Be7 10. Rhe1 O-O 11. Kb1 h6 12. Bh4 Qc7 13. Qd3 {B53: Sicilian: 2...d6: Lines with Qxd4} a6 14. Nd4 Rfd8 (14... Rac8 15. f4 Nxe4 16. Bxe7 Nf2 {½-½ (36) Sadler,M (2660)-Goudriaan,E (2279) Wijk aan Zee 2012 CBM 147 [Let's Check]}) 15. f3 {LiveBook: 3 Games. The position is equal.} b5 {[%cal Bb7b5,Bb5b4][%mdl 32]} 16. g4 b4 17. Nce2 Be8 $146 ({Predecessor:} 17... a5 18. Nf4 {0-1 (36) Weiss,F-Fernandez,G LSS email 2007}) 18. g5 (18. f4 $11) 18... Nh7 $15 19. f4 Rdc8 20. Rg1 hxg5 21. fxg5 g6 22. Qd2 (22. Nf4 $142) 22... e5 (22... a5 $17 23. Bf2 e5) 23. Nf3 (23. Nf5 $1 $15) 23... Bd7 (23... Bc6 $19 24. Qe3 Ba4) 24. Ng3 Be6 (24... Bg4 $142 25. Rdf1 a5) 25. Nf5 $17 gxf5 (25... Bf8 $1 $17 26. Ne3 a5) 26. g6 $11 Nf8 $1 (26... fxe4 27. gxh7+ Kh8 28. Qh6 $18) 27. Bxe7 (27. gxf7+ $1 $11 {remains equal.} Kxf7 28. Ng5+ Bxg5 29. Qxg5) 27... Qxe7 $40 {[%mdl 128] Black goes for the king.} 28. g7 $2 {[%mdl 8192]} (28. gxf7+ $17 {is tougher.} Kxf7 29. Qxb4) 28... Nh7 $1 $19 ({Not} 28... Ng6 29. Qh6 $17) 29. Qh6 Qf6 $2 (29... fxe4 $19 {and Black stays clearly on top.} 30. Ng5 Bf5) 30. Qh5 $17 Re8 ({But not} 30... fxe4 31. Ng5 $17) 31. Ng5 {[%csl Gg5][%cal Rh5h7]} Qg6 32. Qh4 f4 ({Black should play} 32... fxe4 $1 $17 33. Nxe4 Qf5 34. Nxd6 Qf6 35. Qxf6 (35. Qxb4 Red8 $17) 35... Nxf6 36. Nxe8 Nxe8) 33. Rde1 $2 (33. Nxe6 $11 {and White has nothing to worry.} Qxe6 34. Rd3) 33... f5 $1 $19 34. Nh3 Qf6 35. Ng5 {[%csl Gg5][%cal Rh4h7]} Qg6 $2 (35... Nxg5 $1 $19 36. Rxg5 Kf7 37. Qh5+ Ke7 38. exf5 Bf7) 36. Nh3 $11 Qf6 $2 {[%mdl 8192]} (36... Qf7 $11 37. Ng5 Qg6) 37. Ng5 $19 Nxg5 $1 38. Rxg5 {[#]} Kf7 $1 {[%cal Bg8f7,Bf7e7,Be7d7][%mdl 32] Hoping for ...Rh8!} 39. Qh5+ (39. Reg1 {keeps fighting.} Ke7 40. exf5 Bxf5 41. Qh5) 39... Ke7 {Strongly threatening ...Bf7.Black has a decisive advantage.} 40. exf5 Bf7 41. Qg4 {[#]} Kd7 $1 42. h4 {Precision: White = 43%, Black = 42%.} 1/2-1/2

[Event "Werder IM-Turnier 2018"]
[Site "Bremen"]
[Date "2018.06.20"]
[Round "5"]
[White "Wachinger, Nikolas"]
[Black "Grigorian, Spartak"]
[Result "1/2-1/2"]
[WhiteElo "2292"]
[BlackElo "2359"]
[Annotator "NA"]
[PlyCount "70"]
[EventDate "2018.06.16"]
[EventType "tourn"]
[EventCountry "GER"]
[SourceTitle "playchess.com"]
[Source "ChessBase"]
[SourceQuality "1"]
[TimeControl "40/5400+30:1800+30"]

1. e4 {[%emt 0:00:00]} e6 {[%emt 0:00:05]} 2. d4 {[%emt 0:00:00]} d5 {[%emt 0:00:04]} 3. Nd2 {[%emt 0:00:41]} dxe4 {[%emt 0:00:08]} 4. Nxe4 {[%emt 0:00:10]} Nd7 {[%emt 0:00:02]} 5. Nf3 {[%emt 0:00:28]} Ngf6 {[%emt 0:00:11]} 6. Bd3 {[%emt 0:00:28]} c5 {[%emt 0:00:06]} 7. Bg5 {[%emt 0:03:28] C10: French with 3 Nc3: Unusual Black 3rd moves and 3...dxe4} (7. O-O Nxe4 8. Bxe4 Nf6 9. Bg5 cxd4 10. Nxd4 Be7 11. Bf3 O-O 12. Qd3 Bc5 13. Rad1 e5 14. Nb3 Qxd3 15. cxd3 Bb6 16. Rfe1 h6 17. Bh4 Be6 18. Rxe5 Rac8 19. Re2 Rfd8 20. h3 Rd7 21. Rc1 Rcd8 22. Bxf6 {½-½ (22) Alekseev,E (2616)-Meier,G (2647) Tallinn 2018}) 7... cxd4 {[%emt 0:00:20]} 8. O-O {[%emt 0:02:13]} Qb6 {[%emt 0:29:48]} 9. Bxf6 $146 {[%emt 0:05:01]} ({Predecessor:} 9. Qe2 h6 10. Nxf6+ gxf6 11. Bh4 Be7 12. Rad1 Qxb2 13. Bc4 e5 14. Rfe1 Qa3 15. Nd2 {1-0 (28) Boehm,J (2158)-Beutelhoff,J (2085) Senden 2013}) 9... Nxf6 {[%emt 0:05:40]} 10. Nxf6+ {[%emt 0:00:36]} gxf6 {[%emt 0:00:01]} 11. Nxd4 {[%emt 0:00:31]} Bd7 {[%emt 0:00:04]} 12. c3 {[%emt 0:12:03]} Bc5 {[%emt 0:07:09]} 13. Nb3 {[%emt 0:02:57]} Bc6 {[%emt 0:06:51]} 14. Qh5 {[%emt 0:10:20]} Rg8 {[%emt 0:23:31]} 15. g3 {[%emt 0:00:42]} Rg5 {[%emt 0:00:02]} 16. Qxh7 {[%emt 0:06:17]} Ke7 {[%emt 0:00:07]} 17. Be2 {[%emt 0:03:32]} Rag8 {[%emt 0:03:59]} 18. Nxc5 {[%emt 0:07:22]} Qxc5 {[%emt 0:00:20]} 19. Qd3 {[%emt 0:01:05]} Rd8 {[%emt 0:12:36]} 20. Qc4 {[%emt 0:04:05]} Rd2 {[%emt 0:05:17]} 21. b4 {[%emt 0:03:29]} Qf5 {[%emt 0:01:48]} 22. b5 {[%emt 0:20:11]} ({Lieber} 22. Rad1 $11 Qh3 23. f3 Rxg3+ 24. hxg3 Qxg3+ 25. Kh1 Qh3+ 26. Kg1 Qg3+ 27. Kh1 Qh3+ 28. Kg1 Qg3+) 22... Qxb5 {[%emt 0:00:06]} 23. Qxb5 {[%emt 0:00:25]} Bxb5 {[%emt 0:00:01]} 24. Bxb5 {[%emt 0:00:32]} Rxb5 {[%emt 0:00:01]} 25. Rfd1 {[%emt 0:00:58]} Rxd1+ {[%emt 0:00:47]} 26. Rxd1 {[%emt 0:00:01]} Rb2 {[%emt 0:00:06]} 27. a4 {[%emt 0:01:00]} Rb3 {[%emt 0:00:04]} 28. c4 {[%emt 0:00:42]} Rb4 {[%emt 0:00:38]} 29. c5 {[%emt 0:00:03]} a5 {[%emt 0:01:19]} 30. Kf1 $1 {[%emt 0:02:08]} f5 {[%emt 0:01:54]} 31. Ke2 {[%emt 0:00:41]} e5 $11 {[%emt 0:01:45]} 32. Rd5 {[%emt 0:04:12]} f6 {[%emt 0:00:00]} 33. c6 {[%emt 0:00:34]} Rxa4 {[%emt 0:00:28]} 34. cxb7 {[%emt 0:00:18]} Rb4 {[%emt 0:00:25]} 35. Rxa5 {[%emt 0:00:10]} Rxb7 {[%emt 0:00:06]} 1/2-1/2

[Event "Werder IM-Turnier 2018"]
[Site "Bremen"]
[Date "2018.06.21"]
[Round "6"]
[White "Grigorian, Spartak"]
[Black "Charmeteau, Sven"]
[Result "0-1"]
[WhiteElo "2359"]
[BlackElo "2287"]
[Annotator "NA"]
[PlyCount "84"]
[EventDate "2018.06.16"]
[EventType "tourn"]
[EventCountry "GER"]
[SourceTitle "playchess.com"]
[Source "ChessBase"]
[SourceQuality "1"]
[TimeControl "40/5400+30:1800+30"]

1. d4 {[%emt 0:00:00]} Nf6 {[%emt 0:00:07]} 2. c4 {[%emt 0:00:00]} g6 {[%emt 0:00:11]} 3. Nc3 {[%emt 0:00:00]} Bg7 {[%emt 0:04:14]} 4. e4 {[%emt 0:00:00]} d6 {[%emt 0:00:09]} 5. Nf3 {[%emt 0:01:39]} O-O {[%emt 0:00:17]} 6. Be2 {[%emt 0:00:03]} e5 {[%emt 0:01:31]} 7. O-O {[%emt 0:00:29]} Nc6 {[%emt 0:00:35]} 8. d5 {[%emt 0:00:12]} Ne7 {[%emt 0:00:15]} 9. Ne1 {[%emt 0:00:06]} Nd7 {[%emt 0:01:35]} 10. Be3 {[%emt 0:00:56]} a5 {[%emt 0:05:45]} 11. Nd3 {[%emt 0:05:46]} f5 {[%emt 0:10:20]} 12. f3 {[%emt 0:00:18]} f4 {[%emt 0:01:55]} 13. Bf2 {[%emt 0:00:14]} b6 {[%emt 0:01:47]} 14. a3 {[%emt 0:00:42]} g5 {[%emt 0:04:28]} 15. b4 {[%emt 0:01:36]} h5 {[%emt 0:00:49]} 16. c5 {[%emt 0:00:34]} Kh8 {[%emt 0:05:12]} 17. cxd6 {[%emt 0:09:01]} cxd6 {[%emt 0:00:02]} 18. Nb5 {[%emt 0:00:02]} Nf6 {[%emt 0:00:41]} 19. Nb2 {[%emt 0:02:08]} Ne8 {[%emt 0:08:33]} 20. Nc4 {[%emt 0:05:52]} Rb8 {[%emt 0:00:31]} 21. Rb1 {[%emt 0:05:13]} a4 {[%emt 0:11:28]} 22. Na7 {[%emt 0:03:25]} b5 {[%emt 0:06:24]} 23. Na5 {[%emt 0:07:21]} Bd7 {[%emt 0:00:49]} 24. Rc1 {[%emt 0:00:04]} g4 {[%emt 0:04:46]} 25. fxg4 {[%emt 0:04:09]} Nf6 {[%emt 0:00:30]} 26. N5c6 {[%emt 0:05:04]} Qe8 {[%emt 0:00:50]} 27. Nxb8 {[%emt 0:00:41]} Qxb8 {[%emt 0:00:17]} 28. Nc6 {[%emt 0:05:40]} Qe8 {[%emt 0:02:27]} 29. Nxe7 {[%emt 0:02:06]} Qxe7 {[%emt 0:00:08]} 30. g5 {[%emt 0:01:21]} Nxe4 {[%emt 0:00:34]} 31. Bd3 {[%emt 0:00:28]} Bg4 {[%emt 0:00:24]} 32. Qe1 {[%emt 0:06:17]} Nxf2 {[%emt 0:02:09]} 33. Rxf2 {[%emt 0:07:46]} Qxg5 {[%emt 0:05:58]} 34. Rc7 {[%emt 0:04:36]} f3 {[%emt 0:12:32]} 35. Qe4 {[%emt 0:11:18]} Bf5 {[%emt 0:01:29]} 36. Qxf3 {[%emt 0:04:36]} e4 {[%emt 0:00:21]} 37. Rxg7 {[%emt 0:02:50]} Qc1+ {[%emt 0:01:49]} 38. Rf1 {[%emt 0:00:03]} exf3 {[%emt 0:00:12]} 39. Rxc1 {[%emt 0:00:02]} Bxd3 {[%emt 0:00:23]} 40. gxf3 {[%emt 0:04:08]} Kxg7 {[%emt 0:30:16]} 41. Rc6 {[%emt 0:03:17]} Rf6 {[%emt 0:00:00]} 42. Kf2 {[%emt 0:00:32]} Be4 {[%emt 0:00:00]} 0-1